<?xml version="1.0" encoding="UTF-8"?><?xml-stylesheet type="text/xsl" href="static/style.xsl"?><OAI-PMH xmlns="http://www.openarchives.org/OAI/2.0/" xmlns:xsi="http://www.w3.org/2001/XMLSchema-instance" xsi:schemaLocation="http://www.openarchives.org/OAI/2.0/ http://www.openarchives.org/OAI/2.0/OAI-PMH.xsd"><responseDate>2026-04-17T18:42:03Z</responseDate><request verb="GetRecord" identifier="oai:www.recercat.cat:10230/60817" metadataPrefix="marc">https://recercat.cat/oai/request</request><GetRecord><record><header><identifier>oai:recercat.cat:10230/60817</identifier><datestamp>2025-12-13T20:52:00Z</datestamp><setSpec>com_2072_6</setSpec><setSpec>col_2072_452954</setSpec></header><metadata><record xmlns="http://www.loc.gov/MARC21/slim" xmlns:dcterms="http://purl.org/dc/terms/" xmlns:xsi="http://www.w3.org/2001/XMLSchema-instance" xmlns:doc="http://www.lyncode.com/xoai" xsi:schemaLocation="http://www.loc.gov/MARC21/slim http://www.loc.gov/standards/marcxml/schema/MARC21slim.xsd">
   <leader>00925njm 22002777a 4500</leader>
   <datafield ind2=" " ind1=" " tag="042">
      <subfield code="a">dc</subfield>
   </datafield>
   <datafield ind2=" " ind1=" " tag="720">
      <subfield code="a">Llopart Font, Clara</subfield>
      <subfield code="e">author</subfield>
   </datafield>
   <datafield ind2=" " ind1=" " tag="260">
      <subfield code="c">2024-07-23T13:49:19Z</subfield>
   </datafield>
   <datafield ind2=" " ind1=" " tag="260">
      <subfield code="c">2024-07-23T13:49:19Z</subfield>
   </datafield>
   <datafield ind2=" " ind1=" " tag="260">
      <subfield code="c">2024</subfield>
   </datafield>
   <datafield ind2=" " ind1=" " tag="520">
      <subfield code="a">Tutor: Mireia Pérez Sabadell</subfield>
   </datafield>
   <datafield ind2=" " ind1=" " tag="520">
      <subfield code="a">Treball de fi de grau en Publicitat i Relacions Públiques</subfield>
   </datafield>
   <datafield ind2=" " ind1=" " tag="520">
      <subfield code="a">La Manosphera es un movimiento en línea profundamente antifeminista que se desarrolla a través de diversas comunidades y está en auge gracias a la difusión de sus ideas en las redes sociales. Este estudio analiza las principales ideas y conceptos de la Manosphera y cómo han permeado en la percepción de los jóvenes sobre los problemas de género. Para ello, se ha realizado una revisión teórica de la ideología de la Manosphera y diversas entrevistas en profundidad. En el análisis de las respuestas, se identificaron&#xd;
ideas de la Psicología Evolutiva y el esencialismo de género. Se concluye que los conceptos de la Manosphera son ampliamente aceptados por los participantes, ya que refuerzan la ideología patriarcal y los estereotipos de género. Es crucial que las políticas públicas comprendan los peligros de la Manosphera y ofrezcan herramientas de pensamiento crítico a los más vulnerables.</subfield>
   </datafield>
   <datafield ind2=" " ind1=" " tag="520">
      <subfield code="a">The Manosphere is a deeply anti-feminist online movement that spans various communities. This&#xd;
ideology is growing due to the spread of its ideas through social networks. In this study, we analyze the&#xd;
main ideas held by the Manosphere and how they have permeated young men&amp;apos;s understanding of&#xd;
gender-related issues. A theoretical review of Manosphere ideology was conducted, along with in-depth&#xd;
interviews with participants. In analyzing the participants&amp;apos; responses, ideas from Evolutionary&#xd;
Psychology and gender essentialism were identified. The study concludes that the concepts of the&#xd;
Manosphere are widely accepted by the participants, particularly because they reinforce patriarchal&#xd;
ideology and gender stereotypes and roles. Public policies must understand the complexity and dangers&#xd;
of the Manosphere to address them effectively and provide critical thinking tools, especially to the most&#xd;
vulnerable men.</subfield>
   </datafield>
   <datafield tag="653" ind2=" " ind1=" ">
      <subfield code="a">Psicologia del desenvolupament</subfield>
   </datafield>
   <datafield ind2="0" ind1="0" tag="245">
      <subfield code="a">Taking the Red Pill : La radicalización del colectivo joven masculino a través de las redes sociales</subfield>
   </datafield>
</record></metadata></record></GetRecord></OAI-PMH>